Countries banning Israeli Passports Quiz Stats

 Plays Quiz not verified by Sporcle

Challenge
Share
Tweet
Embed
Score 0/16 Timer 03:00
0 Plays Today
Country % Correct
Yemen
97.5%
Oman
96.3%
Saudi Arabia
96.3%
Iran
93.8%
United Arab Emirates
93.8%
Iraq
92.5%
Lebanon
91.3%
Syria
90%
Country % Correct
Kuwait
87.5%
Pakistan
86.3%
Sudan
86.3%
Libya
83.8%
Algeria
80%
Malaysia
68.8%
Bangladesh
63.8%
Brunei
52.5%

You're not logged in!

Compare scores with friends on all Sporcle quizzes.
Join for Free
OR
Log In

You Might Also Like...

Show Comments

Extras

Top Quizzes Today


Score Distribution

Your Account Isn't Verified!

In order to create a playlist on Sporcle, you need to verify the email address you used during registration. Go to your Sporcle Settings to finish the process.

Report this User

Report this user for behavior that violates our Community Guidelines.

Details: